| 000 | 01276cam a2200337 a 4500 | ||
|---|---|---|---|
| 999 |
_c175 _d175 |
||
| 001 | 12731446 | ||
| 003 | GZU | ||
| 005 | 20200707141800.0 | ||
| 008 | 020405s2002 enka b 001 0 eng | ||
| 010 | _a 2002277980 | ||
| 020 | _a0761964290 | ||
| 020 | _a0761964304 (pbk.) | ||
| 035 | _a(OCoLC)ocm47939188 | ||
| 040 |
_aUKM _cUKM _dTXA _dDLC |
||
| 042 | _alccopycat | ||
| 050 | 0 | 0 |
_aBF637.C6 _bB336 2002 |
| 082 | 0 | 0 |
_a158.3 _221 |
| 245 | 0 | 2 |
_aA beginner's guide to training in counselling & psychotherapy / _cedited by Robert Bor and Stephen Palmer. |
| 260 |
_aLondon ; _aThousand Oaks, Calif. : _bSAGE Publications, _c2002. |
||
| 300 |
_axix, 177 p. : _bill. ; _c25 cm. |
||
| 504 | _aIncludes bibliographical references and index. | ||
| 650 | 0 |
_aCounseling _xStudy and teaching. |
|
| 650 | 0 |
_aPsychotherapy _xStudy and teaching. |
|
| 700 | 1 | _aBor, Robert. | |
| 700 | 1 |
_aPalmer, Stephen, _d1955- |
|
| 856 | 4 | 2 |
_3Publisher description _uhttp://www.loc.gov/catdir/enhancements/fy0657/2002277980-d.html |
| 856 | 4 | 1 |
_3Table of contents only _uhttp://www.loc.gov/catdir/enhancements/fy0657/2002277980-t.html |
| 906 |
_a7 _bcbc _ccopycat _d2 _encip _f20 _gy-gencatlg |
||
| 942 |
_2lcc _cBK _h637 _iBEG _kBF _m2002 |
||